| 000 | 00630nam a2200193Ia 4500 | ||
|---|---|---|---|
| 999 |
_c3098 _d3098 |
||
| 020 | _a81-220-0661-2 | ||
| 082 | _a330.954 NEW-; | ||
| 245 | 0 | _aDistrict-level deprivation in the new millennium | |
| 260 |
_aDelhi _bKonark Publishers _c2003 |
||
| 300 | _a200p. | ||
| 650 | _aDevelopmental economics - India | ||
| 650 | _aIndia - Social conditions | ||
| 650 | _aIndia - Economic conditions | ||
| 700 | _aDebroy, Bibek | ||
| 700 | _aBhandari, Laveesh | ||
| 710 | _aNew Delhi. International Development Enterprises | ||
| 710 | _aNew Delhi. Rajiv Gandhi Foundation. Rajiv Gandhi Institute for Contemporary Studies | ||
| 942 | _cBK | ||